[Event "Open A"]
[Site "Bratto - Castione della Presolana ITA"]
[Date "2009.08.27"]
[Round "7"]
[White "Pomaro, Alberto"]
[Black "Collutiis, Duilio"]
[Result "1-0"]
[WhiteElo "2284"]
[BlackElo "2449"]
[PlyCount "53"]
[EventDate "2009.08.21"]

1. e4 c5 2. Nf3 Nc6 3. d4 cxd4 4. Nxd4 Qc7 5. Nc3 e6 6. Be3 a6 7. Qd2 Nxd4 8.
Bxd4 b5 9. O-O-O Ne7 10. Qe3 Rb8 11. f4 d6 12. Qg3 Nc6 13. Bxg7 Rg8 14. Bxf8
Kxf8 15. Qd3 b4 16. Ne2 Ke7 17. Qh3 Bd7 18. Qh4+ Kf8 19. Qxh7 b3 20. Qh6+ Ke8
21. axb3 Qa5 22. Kb1 Nb4 23. Nc1 Bc6 24. Qh7 Ke7 25. c3 Rg6 26. Qh4+ Kd7 27.
Qe1 1-0

[Event "Open A"]
[Site "Bratto - Castione della Presolana ITA"]
[Date "2009.08.27"]
[Round "7"]
[White "Rombaldoni, Denis"]
[Black "Vezzosi, Paolo"]
[Result "1-0"]
[WhiteElo "2465"]
[BlackElo "2372"]
[PlyCount "75"]
[EventDate "2009.08.21"]

1. d4 d6 2. Nf3 Bg4 3. c4 c6 4. e4 Nd7 5. h3 Bxf3 6. Qxf3 e5 7. d5 g6 8. dxc6
bxc6 9. Be2 Qf6 10. Qg3 Bh6 11. Bxh6 Nxh6 12. Nc3 O-O 13. Rd1 Rfd8 14. O-O Rab8
15. Qe3 Kg7 16. Qxa7 Nc5 17. b3 Ra8 18. Qc7 Ng8 19. b4 Rac8 20. Qb6 Rb8 21.
bxc5 Rxb6 22. cxb6 Rb8 23. Rb1 Qe7 24. c5 Nf6 25. a4 d5 26. Rfc1 d4 27. Nd5
cxd5 28. c6 Ne8 29. a5 Qa3 30. Ra1 Qd6 31. Ba6 Nc7 32. bxc7 Qxc7 33. exd5 Rd8
34. Bb7 e4 35. a6 d3 36. a7 d2 37. Rd1 e3 38. fxe3 1-0

[Event "Open A"]
[Site "Bratto - Castione della Presolana ITA"]
[Date "2009.08.27"]
[Round "7"]
[White "Salvador, Roland"]
[Black "Brunello, Sabino"]
[Result "1-0"]
[WhiteElo "2447"]
[BlackElo "2547"]
[PlyCount "65"]
[EventDate "2009.08.21"]

1. d4 Nf6 2. Nf3 e6 3. c4 b6 4. Nc3 Bb7 5. Bg5 h6 6. Bh4 Be7 7. Qc2 c5 8. dxc5
bxc5 9. e3 Nc6 10. Rd1 Qb6 11. Be2 d6 12. O-O Rd8 13. Rd2 Nb4 14. Qb1 g5 15.
Bg3 Bxf3 16. Bxf3 h5 17. h4 gxh4 18. Bxh4 Ng4 19. Bxe7 Kxe7 20. Qe4 Ne5 21. a3
Nbc6 22. Qh4+ f6 23. Bd5 Kf7 24. f4 Ng4 25. Bf3 f5 26. Rfd1 Ne7 27. e4 Qb8 28.
Nb5 d5 29. exd5 Qxf4 30. dxe6+ Kg6 31. Rxd8 Qe3+ 32. Kh1 Rxd8 33. Rxd8 1-0

[Event "Open A"]
[Site "Bratto - Castione della Presolana ITA"]
[Date "2009.08.27"]
[Round "7"]
[White "Sanchez, Joseph"]
[Black "Piscopo, Pierluigi"]
[Result "1-0"]
[WhiteElo "2491"]
[BlackElo "2415"]
[PlyCount "61"]
[EventDate "2009.08.21"]

1. e4 c5 2. Nf3 Nc6 3. d4 cxd4 4. Nxd4 e5 5. Nb5 d6 6. N1c3 a6 7. Na3 b5 8. Nd5
Nge7 9. c4 Nd4 10. Bd3 Nxd5 11. cxd5 g6 12. Be3 Bg7 13. O-O O-O 14. Bxd4 exd4
15. Nc2 Bd7 16. Qd2 Rc8 17. Kh1 a5 18. a3 Rc5 19. Rae1 f5 20. b4 Rc3 21. exf5
gxf5 22. bxa5 f4 23. Be4 Qxa5 24. Nxd4 Rxa3 25. Qd1 f3 26. gxf3 Qa4 27. Nc2 Rc3
28. Rg1 Kh8 29. Qd2 Rc7 30. Rxg7 Kxg7 31. Qg5+ 1-0

[Event "Open A"]
[Site "Bratto - Castione della Presolana ITA"]
[Date "2009.08.27"]
[Round "7"]
[White "Sax, Gyula"]
[Black "Hunt, Adam C."]
[Result "1/2-1/2"]
[WhiteElo "2524"]
[BlackElo "2428"]
[PlyCount "57"]
[EventDate "2009.08.21"]

1. e4 c5 2. Nc3 a6 3. Nge2 d6 4. g3 Nf6 5. Bg2 g6 6. d4 cxd4 7. Nxd4 Bg7 8. h3
O-O 9. Be3 Qc7 10. Qd2 Nc6 11. O-O Bd7 12. Nd5 Nxd5 13. exd5 Nxd4 14. Bxd4 Bxd4
15. Qxd4 Rac8 16. Rfe1 Rfe8 17. c3 Qc4 18. Qd2 Bf5 19. Re3 Rc7 20. g4 Bc8 21.
Re4 Qc5 22. Rd4 b5 23. Re1 Bb7 24. h4 Qb6 25. Qf4 Rc4 26. Rxc4 bxc4 27. Qxc4
Qxb2 28. Qc7 Bxd5 29. Bxd5 1/2-1/2

[Event "Open A"]
[Site "Bratto - Castione della Presolana ITA"]
[Date "2009.08.27"]
[Round "7"]
[White "Tramalloni, Luca"]
[Black "Genocchio, Daniele"]
[Result "0-1"]
[WhiteElo "2116"]
[BlackElo "2455"]
[PlyCount "61"]
[EventDate "2009.08.21"]

1. d4 Nf6 2. c4 e6 3. g3 c5 4. d5 b5 5. Bg2 Bb7 6. e4 bxc4 7. Nc3 d6 8. Nf3
exd5 9. Nxd5 Nxd5 10. exd5 Nd7 11. O-O Be7 12. Bf4 O-O 13. h4 Re8 14. Ng5 Nf6
15. Qd2 h6 16. Nh3 Qd7 17. Kh2 Ng4+ 18. Kh1 Bf6 19. f3 Ne5 20. Nf2 Nd3 21. Ne4
Bxb2 22. Bxh6 gxh6 23. Qxh6 Rxe4 24. fxe4 Bxa1 25. Rxa1 Re8 26. Qg5+ Kf8 27.
Rf1 Re5 28. Qh6+ Kg8 29. Rf6 c3 30. Kh2 c2 31. Rxd6 0-1

[Event "Open A"]
[Site "Bratto - Castione della Presolana ITA"]
[Date "2009.08.28"]
[Round "8"]
[White "Borisek, Jure"]
[Black "Pomaro, Alberto"]
[Result "0-1"]
[WhiteElo "2575"]
[BlackElo "2284"]
[PlyCount "59"]
[EventDate "2009.08.21"]

1. e4 c5 2. Nf3 d6 3. d4 cxd4 4. Nxd4 Nf6 5. Nc3 a6 6. Be3 e6 7. g4 e5 8. Nf5
Nc6 9. f3 Be6 10. g5 Nh5 11. Qd2 g6 12. Ng3 Nf4 13. O-O-O Qa5 14. a3 Bg7 15. h4
O-O 16. h5 Nd4 17. Nb1 Rfc8 18. Bxd4 Qxd2+ 19. Nxd2 exd4 20. Kb1 Rc5 21. Ne2 d3
22. cxd3 Nxd3 23. hxg6 hxg6 24. b4 Rc7 25. Nd4 Nf2 26. Nxe6 fxe6 27. Bc4 Kf7
28. f4 Nxd1 29. Rxd1 Rh8 30. Rh1 0-1

[Event "Open A"]
[Site "Bratto - Castione della Presolana ITA"]
[Date "2009.08.28"]
[Round "8"]
[White "Cebalo, Miso"]
[Black "Hunt, Adam C."]
[Result "1/2-1/2"]
[WhiteElo "2476"]
[BlackElo "2428"]
[PlyCount "90"]
[EventDate "2009.08.21"]

1. d4 Nf6 2. Bg5 e6 3. Nf3 c5 4. e3 h6 5. Bh4 cxd4 6. exd4 Be7 7. c3 b6 8. Bd3
Bb7 9. O-O O-O 10. Nbd2 d6 11. Re1 Nbd7 12. Qe2 Nh5 13. Bxe7 Qxe7 14. g3 Nhf6
15. Ba6 Bc6 16. a4 Rfe8 17. Qc4 Bd5 18. Qb4 Nb8 19. Bf1 Bb7 20. Bg2 Nc6 21. Qa3
Qc7 22. Rac1 Rad8 23. c4 a5 24. Qe3 e5 25. d5 Nb4 26. Nh4 Bc8 27. Bf1 Nh7 28.
Ne4 g5 29. Nf3 f5 30. Nc3 g4 31. Nh4 Ng5 32. Nb5 Qc5 33. Kg2 Qxe3 34. Rxe3 Kg7
35. f3 gxf3+ 36. Nxf3 Ne4 37. b3 Nc5 38. Rd1 Rf8 39. Be2 Rf6 40. Rf1 Bd7 41.
Nh4 Rdf8 42. Ref3 Ne4 43. Rc1 Nc5 44. Rcf1 Ne4 45. Rc1 Nc5 1/2-1/2

[Event "Open A"]
[Site "Bratto - Castione della Presolana ITA"]
[Date "2009.08.28"]
[Round "8"]
[White "Contin, Daniel"]
[Black "Tramalloni, Luca"]
[Result "1-0"]
[WhiteElo "2279"]
[BlackElo "2116"]
[PlyCount "99"]
[EventDate "2009.08.21"]

1. c4 e6 2. e4 d5 3. exd5 exd5 4. d4 Bb4+ 5. Nc3 Nf6 6. Nf3 O-O 7. cxd5 Nxd5 8.
Bd2 Bg4 9. Be2 Nc6 10. O-O Nb6 11. a3 Be7 12. Be3 Be6 13. Qc2 Na5 14. Ne4 Bd5
15. Nc5 Nac4 16. Rac1 Bxc5 17. dxc5 Nxe3 18. fxe3 Nd7 19. e4 Bc6 20. b4 a6 21.
Nd4 Ne5 22. Rcd1 Qe8 23. Qc3 Bxe4 24. Rde1 Bg6 25. Bc4 Kh8 26. Bd5 c6 27. Nxc6
bxc6 28. Rxe5 Qd7 29. Bf3 Rad8 30. Rfe1 Rfe8 31. h4 f6 32. R5e3 Bf7 33. Rd1 Qc7
34. Rxe8+ Bxe8 35. Rd4 Rxd4 36. Qxd4 a5 37. Qe4 Bd7 38. Qe7 h6 39. Be4 Qc8 40.
bxa5 Bf5 41. Bf3 Qa6 42. Qe3 Qb5 43. h5 Kg8 44. Kf2 Kf7 45. Qc3 Qa4 46. Qb4
Qc2+ 47. Kg3 Qc1 48. a6 Bc8 49. a7 Qg5+ 50. Kf2 1-0

[Event "Open A"]
[Site "Bratto - Castione della Presolana ITA"]
[Date "2009.08.28"]
[Round "8"]
[White "Dvirnyy, Danyyil"]
[Black "Sax, Gyula"]
[Result "1/2-1/2"]
[WhiteElo "2440"]
[BlackElo "2524"]
[PlyCount "130"]
[EventDate "2009.08.21"]

1. e4 c5 2. Nf3 e6 3. d4 cxd4 4. Nxd4 a6 5. Bd3 Bc5 6. Nb3 Be7 7. Qg4 Bf6 8.
Nc3 d6 9. Bd2 Ne7 10. O-O e5 11. Qe2 Be6 12. Nd1 Ng6 13. g3 Bh3 14. Re1 Bg5 15.
Qh5 Bxd2 16. Nxd2 Be6 17. Ne3 Nd7 18. Red1 O-O 19. a4 Nf6 20. Qe2 Qc7 21. Bc4
Rac8 22. a5 Qc6 23. Qd3 Rfd8 24. Bd5 Bxd5 25. exd5 Qc5 26. c4 Re8 27. b4 Qxb4
28. Rdb1 Qc5 29. Rxb7 Rb8 30. Nb3 Qc8 31. Rb6 e4 32. Qc3 Ne5 33. Kg2 Nfg4 34.
Rxb8 Nxe3+ 35. fxe3 Qxb8 36. Nd2 Qc8 37. h3 Nf3 38. Rf1 Nxd2 39. Qxd2 Qxc4 40.
Rc1 Qd3 41. Qxd3 exd3 42. Kf3 f5 43. Rd1 Rc8 44. Rxd3 Rc5 45. Rb3 Rxa5 46. Rb6
Rxd5 47. Rxa6 Kf7 48. h4 Ke6 49. Ra7 Kf6 50. Rd7 Rd2 51. Ra7 h6 52. h5 Rh2 53.
Rd7 Rxh5 54. Rxd6+ Ke5 55. Ra6 Rg5 56. Rb6 Rg4 57. Ra6 Rb4 58. Rg6 Rb7 59. Ke2
Rd7 60. Kf3 Re7 61. Kf2 Ke4 62. Ke2 h5 63. Kf2 Ra7 64. Re6+ Kd5 65. Rg6 Ke5
1/2-1/2

[Event "Open A"]
[Site "Bratto - Castione della Presolana ITA"]
[Date "2009.08.28"]
[Round "8"]
[White "Genocchio, Daniele"]
[Black "Guido, Flavio"]
[Result "1/2-1/2"]
[WhiteElo "2455"]
[BlackElo "2400"]
[PlyCount "104"]
[EventDate "2009.08.21"]

1. c4 Nf6 2. d4 g6 3. Nc3 d5 4. Bf4 Bg7 5. e3 O-O 6. Rc1 Be6 7. Qb3 b6 8. Nf3
Nc6 9. Ng5 dxc4 10. Nxe6 cxb3 11. Nxd8 Rfxd8 12. axb3 Na5 13. Bxc7 Rd7 14. Be5
Nxb3 15. Rd1 a6 16. Bc4 Na5 17. Be2 Nc6 18. Bf3 Rc8 19. Bxf6 Bxf6 20. Nd5 Rdd8
21. Ra1 b5 22. O-O Nb8 23. Nxf6+ exf6 24. Rfc1 Kf8 25. Kf1 Ke7 26. Ke1 Kd6 27.
Kd2 Rc7 28. b4 Rdc8 29. Rc5 f5 30. g3 f6 31. h4 h6 32. Rac1 Nd7 33. Bb7 Nxc5
34. bxc5+ Ke6 35. Bxc8+ Rxc8 36. Ra1 Ra8 37. Ra5 Kd5 38. Kc3 g5 39. hxg5 fxg5
40. Kb4 h5 41. Ra1 h4 42. gxh4 gxh4 43. Rh1 Rh8 44. Rh3 Rh7 45. Kc3 Ke4 46. f3+
Kd5 47. Kd3 a5 48. e4+ fxe4+ 49. fxe4+ Kc6 50. Kc3 Rh6 51. Kb3 Rh8 52. Kc3 Rh6
1/2-1/2

[Event "Open A"]
[Site "Bratto - Castione della Presolana ITA"]
[Date "2009.08.28"]
[Round "8"]
[White "Godena, Michele"]
[Black "Rombaldoni, Denis"]
[Result "1/2-1/2"]
[WhiteElo "2540"]
[BlackElo "2465"]
[PlyCount "134"]
[EventDate "2009.08.21"]

1. e4 c5 2. c3 Nf6 3. e5 Nd5 4. Bc4 Nb6 5. Be2 Nc6 6. Nf3 d6 7. exd6 Qxd6 8.
Na3 e5 9. O-O Be7 10. d4 cxd4 11. Nb5 Qd8 12. cxd4 a6 13. d5 Nxd5 14. Qxd5 axb5
15. Qxd8+ Kxd8 16. Bxb5 f6 17. Be3 Kc7 18. Rfc1 Be6 19. a4 Bd5 20. Nd2 f5 21.
Nc4 Bxc4 22. Rxc4 f4 23. Bd2 Rhd8 24. Bc3 Rd5 25. Re1 Bf6 26. f3 Kb6 27. Bxc6
bxc6 28. Rce4 Rad8 29. Kf1 Ra8 30. Ke2 Kc7 31. Ra1 Kd6 32. Ra3 Rb8 33. Rb4 Kc7
34. Rxb8 Kxb8 35. Rb3+ Ka7 36. Rb4 Bd8 37. Rc4 Kb7 38. b4 Bc7 39. a5 Bd6 40.
a6+ Kxa6 41. Rxc6+ Kb5 42. Rc8 Be7 43. Rc7 Bf6 44. Ra7 Kc4 45. Ra5 Bd8 46. Rxd5
Kxd5 47. Kd3 g5 48. h3 h5 49. Be1 Bb6 50. b5 g4 51. hxg4 hxg4 52. fxg4 e4+ 53.
Ke2 Kc4 54. g5 Kxb5 55. Bc3 Bc5 56. g6 Bf8 57. Kf2 Kc4 58. g7 Bxg7 59. Bxg7 Kd5
60. Ke1 Ke6 61. Bc3 Kf5 62. Kf2 Kg4 63. Be1 Kf5 64. Bb4 Kg4 65. Bc5 e3+ 66. Ke2
Kg3 67. Kf1 e2+ 1/2-1/2

[Event "Open A"]
[Site "Bratto - Castione della Presolana ITA"]
[Date "2009.08.28"]
[Round "8"]
[White "Grigore, George-Gabriel"]
[Black "Skembris, Spyridon"]
[Result "1-0"]
[WhiteElo "2558"]
[BlackElo "2452"]
[PlyCount "59"]
[EventDate "2009.08.21"]

1. d4 Nf6 2. c4 e5 3. dxe5 Ng4 4. Nf3 Bc5 5. e3 Nc6 6. Nc3 O-O 7. Be2 Ncxe5 8.
Nxe5 Nxe5 9. O-O Re8 10. a3 a5 11. Rb1 d6 12. b4 axb4 13. axb4 Ba7 14. Ra1 c6
15. f4 Nd7 16. Kh1 Nf6 17. e4 Nxe4 18. Nxe4 Rxe4 19. Bd3 Re8 20. Bb2 Bd7 21.
Ra5 Be3 22. Qh5 h6 23. Rg5 Re5 24. Bxe5 dxe5 25. Qxh6 Qxg5 26. Qh7+ Kf8 27.
fxg5 Ra3 28. g6 Rxd3 29. Rxf7+ Ke8 30. Qg8# 1-0

[Event "Open A"]
[Site "Bratto - Castione della Presolana ITA"]
[Date "2009.08.28"]
[Round "8"]
[White "Horvath, Csaba"]
[Black "Chatalbashev, Boris"]
[Result "1/2-1/2"]
[WhiteElo "2522"]
[BlackElo "2548"]
[PlyCount "20"]
[EventDate "2009.08.21"]

1. d4 Nf6 2. Nf3 e6 3. c4 d5 4. g3 Bb4+ 5. Bd2 Be7 6. Bg2 O-O 7. O-O c6 8. Qc2
b6 9. Bf4 Bb7 10. Rd1 Nbd7 1/2-1/2

[Event "Open A"]
[Site "Bratto - Castione della Presolana ITA"]
[Date "2009.08.28"]
[Round "8"]
[White "Lenic, Luka"]
[Black "Dervishi, Erald"]
[Result "1/2-1/2"]
[WhiteElo "2565"]
[BlackElo "2545"]
[PlyCount "59"]
[EventDate "2009.08.21"]

1. d4 Nf6 2. Nf3 e6 3. Bf4 c5 4. e3 cxd4 5. exd4 b6 6. Nbd2 Bb7 7. h3 Be7 8.
Bd3 d6 9. Bh2 Nbd7 10. O-O O-O 11. a4 a6 12. Re1 Re8 13. c3 Bf8 14. Nc4 Qc7 15.
Qe2 g6 16. Ncd2 Bg7 17. Ne4 Nxe4 18. Bxe4 Bxe4 19. Qxe4 Nf6 20. Qd3 Rec8 21.
Nd2 Qc6 22. Qg3 d5 23. Qh4 Nd7 24. Bf4 b5 25. axb5 axb5 26. Nf3 Ra4 27. Bh6 Qd6
28. Bf4 Qc6 29. Bh6 Qd6 30. Bf4 1/2-1/2

[Event "Open A"]
[Site "Bratto - Castione della Presolana ITA"]
[Date "2009.08.28"]
[Round "8"]
[White "Radice, Luca"]
[Black "Salmoiraghi, Angelo"]
[Result "1/2-1/2"]
[WhiteElo "2070"]
[BlackElo "2151"]
[PlyCount "33"]
[EventDate "2009.08.21"]

1. d4 Nf6 2. Nf3 e6 3. e3 b6 4. Bd3 Bb7 5. Nbd2 c5 6. O-O cxd4 7. exd4 d6 8. c3
Be7 9. Re1 Nbd7 10. Nf1 O-O 11. Bg5 h6 12. Bf4 Rc8 13. Qe2 Rc7 14. Ng3 Re8 15.
Rad1 Qa8 16. Bc2 Nf8 17. Bc1 1/2-1/2

[Event "Open A"]
[Site "Bratto - Castione della Presolana ITA"]
[Date "2009.08.28"]
[Round "8"]
[White "Salvador, Roland"]
[Black "Sanchez, Joseph"]
[Result "1/2-1/2"]
[WhiteElo "2447"]
[BlackElo "2491"]
[PlyCount "29"]
[EventDate "2009.08.21"]

1. c4 Nf6 2. Nc3 c5 3. g3 Nc6 4. Bg2 g6 5. Nf3 Bg7 6. O-O d6 7. d3 O-O 8. e4
Rb8 9. h3 a6 10. a4 h6 11. Re1 Bd7 12. Be3 Qc8 13. Kh2 Kh7 14. Qd2 Be6 15. Rac1
1/2-1/2

[Event "Open A"]
[Site "Bratto - Castione della Presolana ITA"]
[Date "2009.08.28"]
[Round "8"]
[White "Vezzosi, Paolo"]
[Black "Bruno, Fabio"]
[Result "0-1"]
[WhiteElo "2372"]
[BlackElo "2455"]
[PlyCount "114"]
[EventDate "2009.08.21"]

1. c4 e6 2. Nf3 d5 3. d4 c6 4. Nbd2 f5 5. g3 Nf6 6. Bg2 Bd6 7. b3 O-O 8. Bb2
Bd7 9. O-O Be8 10. Ne5 Bh5 11. f3 c5 12. e3 Nc6 13. Qe2 Qb6 14. Nxc6 bxc6 15.
Rfe1 Rae8 16. Qd3 Qb8 17. Rac1 cxd4 18. exd4 f4 19. g4 Bg6 20. Qe2 h5 21. gxh5
Bf5 22. Qf2 Kf7 23. cxd5 cxd5 24. Nf1 Rh8 25. Qd2 Rxh5 26. Rc6 Rg5 27. Qa5 Bb4
28. Qc7+ Qxc7 29. Rxc7+ Kg6 30. Bc3 a5 31. Kf2 Rb8 32. Re2 Ne8 33. Rc6 Kf7 34.
Bd2 Bxd2 35. Rxd2 a4 36. Rb2 Rb4 37. a3 Rxb3 38. Rxb3 axb3 39. Rb6 Rh5 40. Rxb3
Nd6 41. Rb8 Nc4 42. a4 Bd3 43. h3 e5 44. dxe5 Rxe5 45. Rb3 Bc2 46. Rb7+ Kg6 47.
Nh2 d4 48. Rd7 d3 49. Bf1 d2 50. Be2 Bxa4 51. Rd4 Kg5 52. Ng4 Re7 53. Nh2 Bb3
54. Nf1 Rxe2+ 55. Kxe2 d1=Q+ 56. Rxd1 Bxd1+ 57. Kxd1 Kh4 0-1

[Event "Open A"]
[Site "Bratto - Castione della Presolana ITA"]
[Date "2009.08.29"]
[Round "9"]
[White "Bresciani, Nicola"]
[Black "Cebalo, Miso"]
[Result "1/2-1/2"]
[WhiteElo "2274"]
[BlackElo "2476"]
[PlyCount "81"]
[EventDate "2009.08.21"]

1. e4 c5 2. Nf3 d6 3. d4 cxd4 4. Nxd4 Nf6 5. Nc3 e6 6. Be2 Be7 7. O-O Nc6 8.
Be3 O-O 9. f4 Bd7 10. Nb3 Rc8 11. Bf3 a6 12. a4 Qc7 13. a5 Nb4 14. Rf2 e5 15.
Rd2 Bc6 16. Bb6 Qb8 17. Be3 Rfe8 18. Nd5 Nbxd5 19. exd5 exf4 20. Bxf4 Qa7+ 21.
Kh1 Bd7 22. Qe1 Bf8 23. Qg3 Ne4 24. Bxe4 Rxe4 25. h3 Rce8 26. Rf1 f5 27. Rdd1
Qb8 28. Nd4 Qc7 29. b4 Qc4 30. c3 g6 31. Bxd6 Bg7 32. Bc5 Be5 33. Qd3 Qxd5 34.
c4 Qf7 35. Nf3 Bc6 36. Ng5 Qxc4 37. Nxe4 Qxe4 38. Qxe4 Bxe4 39. Rfe1 h5 40. Rd7
Bc6 41. Re7 1/2-1/2

[Event "Open A"]
[Site "Bratto - Castione della Presolana ITA"]
[Date "2009.08.29"]
[Round "9"]
[White "Dervishi, Erald"]
[Black "Rombaldoni, Denis"]
[Result "1-0"]
[WhiteElo "2545"]
[BlackElo "2465"]
[PlyCount "103"]
[EventDate "2009.08.21"]

1. e4 c5 2. Nf3 Nc6 3. d4 cxd4 4. Nxd4 e5 5. Nb5 d6 6. c4 Be7 7. N1c3 a6 8. Na3
f5 9. exf5 Bxf5 10. Bd3 Be6 11. Nc2 Nf6 12. Ne3 Qd7 13. O-O O-O 14. b3 Bd8 15.
Ba3 Nd4 16. Ne4 Nxe4 17. Bxe4 Rf4 18. Qd3 Rh4 19. g3 Rh6 20. Nd5 Qf7 21. f4 Qh5
22. Rf2 Bxd5 23. Bxd5+ Kh8 24. fxe5 Bb6 25. c5 Bxc5 26. Bxc5 dxc5 27. Raf1 Qe8
28. Qe3 Rh5 29. g4 Rh4 30. Qg5 Rh6 31. Qf4 Ne6 32. Qf5 g5 33. Bxb7 Rd8 34. Bg2
Rd4 35. h3 Qg8 36. Qc2 Qd8 37. Rf6 Rd2 38. Qf5 Rxf6 39. Qxf6+ Qxf6 40. Rxf6 Nf4
41. Bf1 Rxa2 42. e6 Ne2+ 43. Kh2 Nf4+ 44. Kg3 Ne2+ 45. Kf3 Nd4+ 46. Ke4 Ra1 47.
Bc4 Re1+ 48. Kd5 Nb5 49. Kxc5 Re5+ 50. Kc6 Re3 51. Rf7 Nd4+ 52. Kd7 1-0

[Event "Open A"]
[Site "Bratto - Castione della Presolana ITA"]
[Date "2009.08.29"]
[Round "9"]
[White "Finocchiaro, Gianluca"]
[Black "Radice, Luca"]
[Result "0-1"]
[WhiteElo "2088"]
[BlackElo "2070"]
[PlyCount "116"]
[EventDate "2009.08.21"]

1. e4 e6 2. d4 d5 3. exd5 exd5 4. c4 Nf6 5. Nc3 Be7 6. Bd3 O-O 7. Nge2 Nc6 8.
a3 Be6 9. c5 a5 10. O-O b6 11. cxb6 cxb6 12. Bb5 Na7 13. Ba4 Bd7 14. Bb3 Bc6
15. a4 b5 16. Nf4 b4 17. Nce2 Nc8 18. Ng3 Nd6 19. Nfh5 g6 20. Nxf6+ Bxf6 21.
Qf3 Ne4 22. Be3 Bg7 23. Rac1 Qd7 24. Nxe4 dxe4 25. Qf4 Bxa4 26. Rc7 Qe8 27. Bd5
Rd8 28. Qg5 h6 29. Qxg6 Rxd5 30. Qg3 Qe6 31. Ra7 Rc8 32. b3 Bd7 33. f3 exf3 34.
Rxf3 Qg4 35. Qf2 Rxd4 36. h3 Rd1+ 37. Kh2 Be5+ 38. Bf4 Bxf4+ 39. Rxf4 Qe6 40.
Rxa5 Qe1 41. Qf3 Qh1+ 42. Kg3 Rc3 43. Ra8+ Rc8 44. Rxc8+ Bxc8 45. Rxf7 Qe1+ 46.
Kh2 Qe5+ 47. Rf4 Rd3 48. Qf2 Be6 49. Qh4 Kg7 50. Kg1 Rd1+ 51. Kh2 Rd3 52. Kg1
Qa1+ 53. Kh2 Qe5 54. Kg1 Qc5+ 55. Kh2 Qg5 56. Qf2 Rxb3 57. Qd4+ Kh7 58. Rf6
Qg3+ 0-1

[Event "Open A"]
[Site "Bratto - Castione della Presolana ITA"]
[Date "2009.08.29"]
[Round "9"]
[White "Horvath, Csaba"]
[Black "Godena, Michele"]
[Result "1/2-1/2"]
[WhiteElo "2522"]
[BlackElo "2540"]
[PlyCount "21"]
[EventDate "2009.08.21"]

1. d4 d5 2. Nf3 Nf6 3. c4 dxc4 4. e3 a6 5. Bxc4 e6 6. O-O Nbd7 7. b3 b5 8. Be2
Bb7 9. a4 b4 10. Bb2 Be7 11. Nbd2 1/2-1/2

[Event "Open A"]
[Site "Bratto - Castione della Presolana ITA"]
[Date "2009.08.29"]
[Round "9"]
[White "Hunt, Adam C."]
[Black "Nikolova, Adriana"]
[Result "1/2-1/2"]
[WhiteElo "2428"]
[BlackElo "2316"]
[PlyCount "68"]
[EventDate "2009.08.21"]

1. e4 c5 2. Nf3 d6 3. d4 cxd4 4. Nxd4 Nf6 5. Nc3 a6 6. Bg5 e6 7. f4 Qc7 8. Qf3
b5 9. O-O-O b4 10. Nce2 Bb7 11. Bxf6 gxf6 12. Ng3 Nd7 13. f5 e5 14. Nb3 a5 15.
Kb1 Nb6 16. Bb5+ Ke7 17. Nf1 a4 18. Nbd2 Ra5 19. Bd3 a3 20. Ne3 axb2 21. Nec4
Na4 22. Nxa5 Qxa5 23. Bc4 Nc3+ 24. Kxb2 h5 25. Qd3 Bh6 26. Nb1 Nxd1+ 27. Rxd1
Qb6 28. Bb3 Be3 29. Qc4 Bd4+ 30. Kc1 Rf8 31. Nd2 Ba6 32. Qd5 Bb7 33. Qc4 Ba6
34. Qd5 Bb7 1/2-1/2

[Event "Open A"]
[Site "Bratto - Castione della Presolana ITA"]
[Date "2009.08.29"]
[Round "9"]
[White "Pavasovic, Dusko"]
[Black "Grigore, George-Gabriel"]
[Result "1/2-1/2"]
[WhiteElo "2605"]
[BlackElo "2558"]
[PlyCount "88"]
[EventDate "2009.08.21"]

1. e4 c5 2. Nf3 Nc6 3. c3 d5 4. exd5 Qxd5 5. d4 e6 6. Be3 cxd4 7. cxd4 Nf6 8.
Nc3 Qd6 9. a3 Be7 10. Bd3 b6 11. O-O O-O 12. Qe2 Bb7 13. Rad1 Rad8 14. Bg5 Rd7
15. Bb1 Qb8 16. d5 exd5 17. Bxf6 Bxf6 18. Nxd5 Rd6 19. Rfe1 g6 20. Nxf6+ Rxf6
21. Ng5 Qf4 22. Qe3 Qxe3 23. Rxe3 Kg7 24. Ba2 Rf5 25. Rd7 Rxg5 26. Rxb7 Rc5 27.
g3 Rc2 28. Bd5 Nd8 29. Rxa7 Rxb2 30. Rd7 Rd2 31. Rc3 Kh6 32. h4 Re8 33. Rc8
Re1+ 34. Kg2 Ree2 35. Rcxd8 Rxf2+ 36. Kg1 Rfe2 37. Rxf7 Re1+ 38. Rf1 Re5 39.
Rh8 Rexd5 40. Rf7 Rd1+ 41. Kg2 R5d2+ 42. Kh3 Rh1+ 43. Kg4 Rd4+ 44. Rf4 Rxf4+
1/2-1/2

[Event "Open A"]
[Site "Bratto - Castione della Presolana ITA"]
[Date "2009.08.29"]
[Round "9"]
[White "Pomaro, Alberto"]
[Black "Lenic, Luka"]
[Result "0-1"]
[WhiteElo "2284"]
[BlackElo "2565"]
[PlyCount "75"]
[EventDate "2009.08.21"]

1. e4 e5 2. Nf3 Nc6 3. Bb5 a6 4. Ba4 Nf6 5. d3 d6 6. O-O b5 7. Bb3 Na5 8. c3
Nxb3 9. axb3 Be7 10. Re1 O-O 11. Nbd2 Nd7 12. Nf1 f5 13. exf5 Rxf5 14. Ne3 Rf8
15. d4 Bb7 16. d5 Qe8 17. c4 Qf7 18. Qc2 c6 19. dxc6 Bxc6 20. Nd5 Bxd5 21. cxd5
Rfc8 22. Qd3 Nf6 23. Ng5 Qxd5 24. Qh3 h6 25. Nf3 Qxb3 26. Rxa6 Qc4 27. Rxa8
Rxa8 28. Qf5 Ra1 29. Be3 Rxe1+ 30. Nxe1 Qe2 31. Qe6+ Kf8 32. Qc8+ Kf7 33. Qc1
Qc4 34. Qd1 d5 35. Nd3 Bd6 36. f3 e4 37. fxe4 Qxe4 38. Bc5 0-1

[Event "Open A"]
[Site "Bratto - Castione della Presolana ITA"]
[Date "2009.08.29"]
[Round "9"]
[White "Tramalloni, Luca"]
[Black "Di Lascio, Savino"]
[Result "1-0"]
[WhiteElo "2116"]
[BlackElo "2012"]
[PlyCount "85"]
[EventDate "2009.08.21"]

1. d4 Nf6 2. c4 e6 3. g3 Bb4+ 4. Bd2 c5 5. Nf3 Nc6 6. Bxb4 cxb4 7. Nbd2 d5 8.
e3 O-O 9. Bg2 a5 10. O-O Ra7 11. Rc1 a4 12. Qc2 b3 13. axb3 Nb4 14. Qd1 Nd3 15.
Rb1 Bd7 16. bxa4 Rxa4 17. Qb3 Nb4 18. Rfc1 Qa5 19. Bf1 Ra8 20. Re1 Bc6 21. Qc3
dxc4 22. Nxc4 Qh5 23. Nfd2 Ng4 24. h3 Nd5 25. Qd3 Ndf6 26. e4 Rd8 27. hxg4 Nxg4
28. Nf3 b5 29. Ne3 Raxd4 30. Qc3 Bxe4 31. Nxg4 Bxb1 32. Nxd4 Qxg4 33. Rxb1 Qxd4
34. Qxd4 Rxd4 35. Bxb5 h5 36. b4 h4 37. gxh4 Rxh4 38. Bf1 Kf8 39. b5 Ke7 40. b6
Rh8 41. b7 Rb8 42. Ba6 f5 43. Rc1 1-0

[Event "Open A"]
[Site "Bratto - Castione della Presolana ITA"]
[Date "2009.08.29"]
[Round "9"]
[White "Vocaturo, Daniele"]
[Black "Genocchio, Daniele"]
[Result "1/2-1/2"]
[WhiteElo "2507"]
[BlackElo "2455"]
[PlyCount "137"]
[EventDate "2009.08.21"]

1. d4 d5 2. Bf4 Nf6 3. e3 g6 4. Nf3 Bg7 5. Nc3 c6 6. Qd2 Nh5 7. Be5 Nf6 8. Be2
Nbd7 9. Bg3 b5 10. a3 Bb7 11. Ne5 a5 12. Bf3 O-O 13. O-O Ne8 14. e4 Nxe5 15.
dxe5 Nc7 16. exd5 cxd5 17. Rfd1 e6 18. Ne2 Na6 19. Nd4 b4 20. Be2 Nc5 21. axb4
Ne4 22. Qe1 Nxg3 23. hxg3 axb4 24. Qxb4 Bxe5 25. Nf3 Qb8 26. c3 Bg7 27. Nd4 e5
28. Nc2 Qc7 29. Bf3 Rfb8 30. Rxa8 Bxa8 31. Qa4 Bc6 32. Qa2 Ra8 33. Qb1 e4 34.
Be2 Qb6 35. Qc1 h6 36. Nb4 Ra5 37. Qf4 Ba8 38. Qg4 f5 39. Qh4 Kh7 40. Qe7 Ra7
41. Qe8 d4 42. Bc4 h5 43. Nc2 d3 44. Ne3 Qf6 45. Qg8+ Kh6 46. Qb8 Ra5 47. Qc7
Qe5 48. Qd8 Bc6 49. Qc8 Qd6 50. b4 Ra8 51. Qxf5 Rf8 52. Qh3 Bxc3 53. g4 Bd7 54.
Qh4 Qf4 55. g5+ Qxg5 56. Qxe4 d2 57. Qd3 Qf6 58. Rf1 Qd4 59. Qe2 Bxb4 60. Nc2
Qc5 61. Nxb4 Qxb4 62. Rd1 Re8 63. Qxd2+ Qxd2 64. Rxd2 Be6 65. Be2 Bf5 66. f3 g5
67. Kf2 h4 68. Bc4 Re7 69. Rd6+ 1/2-1/2